|
|
|
|
| LEADER |
00000nam0a2200000 4500 |
| 001 |
81928 |
| 005 |
20231031095423.0 |
| 010 |
|
|
|a 5891762757
|b (в пер.)
|b 500 экз.
|
| 021 |
|
|
|a RU
|b 04-57040
|9 04-2808
|
| 035 |
|
|
|a (RuTPU)RU\TPU\book\88057
|
| 090 |
|
|
|a 81928
|
| 100 |
|
|
|a 20050926d2004 km y0rusy5002 ca
|
| 101 |
0 |
|
|a rus
|
| 102 |
|
|
|a RU
|
| 105 |
|
|
|a a z 001zy
|
| 200 |
1 |
|
|a Плавкость и пластичность металлов
|f В. П. Малышев, Б. Т. Абдрахманов, А. М. Нурмагамбетова
|
| 210 |
|
|
|a Москва
|c Научный мир
|d 2004
|
| 215 |
|
|
|a 146 с.
|c ил.
|
| 320 |
|
|
|a Литература: с. 139-146
|
| 330 |
|
|
|a Плавкость и пластичность металлов рассмотрены на основе анализа постоянства энтропии плавления с точки зрения соответствия общесистемным критериям устойчивости (пропорции золотого сечения) с помощью распределения Больцмана и уравнения Шредера. Введено понятие жидкоподвижных частиц в кристалле, энергия которых превышает теплоту плавления и которыми определяется пластичность. Показано аналитическое соответствие максимального прироста этих частиц по температуре эмпирическим инвариантам пластичности Бочвара-Таммана. Обосновано термодинамическое выражение полезных затрат энергии при пластической деформации и рассчитан КПД этого процесса для девятиклетевого стана на Жезказганском заводе медной катанки. Для инженеров и научных работников, специализирующихся в области металловедения и физической химии.
|
| 606 |
1 |
|
|a Металлы
|x Пластичность
|2 stltpush
|3 (RuTPU)RU\TPU\subj\43162
|
| 610 |
1 |
|
|a металловедение
|
| 610 |
1 |
|
|a плавкость
|
| 610 |
1 |
|
|a энтропия
|
| 610 |
1 |
|
|a плавление
|
| 610 |
1 |
|
|a устойчивость
|
| 610 |
1 |
|
|a распределение Больцмана
|
| 610 |
1 |
|
|a уравнения Шредера
|
| 610 |
1 |
|
|a жидкоподвижные частицы
|
| 610 |
1 |
|
|a кристаллы
|
| 610 |
1 |
|
|a расплавы
|
| 610 |
1 |
|
|a хаотизация
|
| 610 |
1 |
|
|a рафинированная медь
|
| 610 |
1 |
|
|a переработка
|
| 610 |
1 |
|
|a катанка
|
| 610 |
1 |
|
|a энергозатраты
|
| 610 |
1 |
|
|a энергетический КПД
|
| 675 |
|
|
|a 669:539.2
|v 3
|z rus
|
| 700 |
|
1 |
|a Малышев
|b В. П.
|g Виталий Павлович
|4 070
|
| 701 |
|
1 |
|a Абдрахманов
|b Б. Т.
|g Болат Тулегенович
|4 070
|
| 701 |
|
1 |
|a Нурмагамбетова
|b А. М.
|g Астра Мундуковна
|4 070
|
| 801 |
|
0 |
|a RU
|b RKP
|c 20041026
|g PSBO
|
| 801 |
|
1 |
|a RU
|b 63413507
|c 20050926
|g PSBO
|
| 801 |
|
2 |
|a RU
|b 63413507
|c 20151125
|g PSBO
|
| 942 |
|
|
|c BK
|